00430nam a22001577a 450000500170000000800410001702000260005804000090008404100100009308200180010310000220012124500610014326000410020430000080024565000190025320260316123010.0260316b |||||||| |||| 00| 0 eng d a9788171102679c400.00 aMAIN aHindi a294.5921bVAR aVarni, Ramprakash aAcharya Sayan Aur Swami Dayanand Ki Vedbhashya Bhumikaye aNew DelhibParimal Publicationc2023 a220 aHindu Studies